| 000 | 00367nam a2200157Ia 4500 | ||
|---|---|---|---|
| 100 | _aSklar/Bernard | ||
| 650 | _aElectrical Engineering | ||
| 250 | _a2 | ||
| 942 | _cBK | ||
| 654 | _aDigital | ||
| 245 | _aDigital communication:Fundamentals and applicatios | ||
| 260 |
_bPearson Education _c2001 |
||
| 082 |
_a621.382 _bSKL |
||
| 300 | _a1079 | ||
| 546 | _aENGLISH | ||
| 999 |
_c26390 _d26390 |
||